Rol del contador público en la contabilidad gerencial y su impacto en las áreas de las empresas colombianas / (Registro nro. 3302)

Detalles MARC
000 -LEADER
fixed length control field 02010nam a2200277 i 4500
005 - DATE AND TIME OF LATEST TRANSACTION
control field 20250329165421.0
007 - PHYSICAL DESCRIPTION FIXED FIELD--GENERAL INFORMATION
fixed length control field ta
008 - FIXED-LENGTH DATA ELEMENTS--GENERAL INFORMATION
fixed length control field 200622s2021 000 0 eng d
040 ## - CATALOGING SOURCE
Original cataloging agency CO-CtgCURN
Language of cataloging spa
Transcribing agency coctgcurn
Description conventions rda
082 0# - DEWEY DECIMAL CLASSIFICATION NUMBER
Classification number COP 2021
Item number M361
100 1# - MAIN ENTRY--PERSONAL NAME
Personal name Marrugo Arellano, Harold Andrés,
Relator term author.
Relationship aut
245 10 - TITLE STATEMENT
Title Rol del contador público en la contabilidad gerencial y su impacto en las áreas de las empresas colombianas /
Statement of responsibility, etc. Harold Andrés Marrugo Arellano; Camila Andrea Oviedo Haad.
260 ## - PUBLICATION, DISTRIBUTION, ETC.
Place of publication, distribution, etc. Cartagena de Indias :
Name of publisher, distributor, etc. Corporación Universitaria Rafael Núñez,
Date of publication, distribution, etc. 2021.
260 #4 - PUBLICATION, DISTRIBUTION, ETC.
Date of publication, distribution, etc. ©2021.
300 ## - PHYSICAL DESCRIPTION
Extent 23 hojas.
336 ## - CONTENT TYPE
Content type term text
Content type code txt
Source rdacontent
337 ## - MEDIA TYPE
Media type term unmediated
Media type code n
Source rdamedia
338 ## - CARRIER TYPE
Carrier type term volume
Carrier type code nc
Source rdacarrier
502 ## - DISSERTATION NOTE
Dissertation note Trabajo de grado (Contador público). Corporación Universitaria Rafael Núñez. Facultad de Ciencias Administrativas y Contables. Programa de Contaduría pública, 2021.
520 8# - SUMMARY, ETC.
Summary, etc. "El rol del contador público en La contabilidad gerencial analiza el impacto que ha generado en las áreas de las empresas colombianas ya que es de gran importancia porque ayuda a comprender el desarrollo e interpretación de la información contable (oportuna y confiable) para la toma de decisiones, planeamiento y control de una organización. Ayuda a manejar y controlar las operaciones diarias del negocio. La contabilidad gerencial se enfoca en el uso eficiente y eficaz de los recursos de la organización y sus diferentes áreas a través de la aplicación y uso de estrategias, políticas y programas para el logro de sus objetivos. ."
650 #0 - SUBJECT ADDED ENTRY--TOPICAL TERM
Topical term or geographic name entry element Contaduría pública
General subdivision Tesis y disertaciones académicas.
700 1# - ADDED ENTRY--PERSONAL NAME
Personal name Oviedo Haad, Camila Andrea.
856 7# - ELECTRONIC LOCATION AND ACCESS
Uniform Resource Identifier <a href="https://unicurn.sharepoint.com/:b:/s/biblioteca/EQYaECJ9EOZLqrwOnYEnHa0Bua6cnJBKtXXuLpEWMaeF2Q?e=K1pIKP">https://unicurn.sharepoint.com/:b:/s/biblioteca/EQYaECJ9EOZLqrwOnYEnHa0Bua6cnJBKtXXuLpEWMaeF2Q?e=K1pIKP</a>
Public note Click aqui para ver el recurso en texto completo
942 ## - ADDED ENTRY ELEMENTS (KOHA)
Koha item type Trabajos de grado
Classification part COP 2021
Item part M361
Institution code [OBSOLETE] MHC
-- MHC
Source of classification or shelving scheme Dewey Decimal Classification
Existencias
Withdrawn status Lost status Source of classification or shelving scheme Damaged status Not for loan Collection Home library Current library Shelving location Date acquired Inventory number Total checkouts Full call number Barcode Date last seen Price effective from Koha item type
    Dewey Decimal Classification     Trabajos de grado Miguel Henríquez Castañeda Miguel Henríquez Castañeda Trabajo de grado 03/29/2025 024107   COP 2021 M361 024107 03/29/2025 03/29/2025 Trabajos de grado